| 000 | 01689nam a22002537a 4500 | ||
|---|---|---|---|
| 003 | 0 | ||
| 005 | 20251113142500.0 | ||
| 008 | 180220b xxu||||| |||| 00| 0 eng d | ||
| 020 | _a978-1-59474-603-1 | ||
| 050 |
_aPZ 7 _b.R4423 Mi 2013 |
||
| 100 |
_91 _aRiggs, Ransom |
||
| 245 |
_aMiss Peregrine's home for peculiar children / _cby Ransom Riggs |
||
| 250 | _aPaperback edition | ||
| 260 |
_aPhiladelphia: _bQuirk Books, _c2013. |
||
| 300 |
_a382 pages: _billustrations; _c21 cm. |
||
| 440 | _aMiss Peregrine's peculiar children | ||
| 500 | _a1st book of Miss Peregrine's Peculiar Children Sequel: Hollow City | ||
| 520 | _a"A mysterious island. An abandoned orphanage. A strange collection of peculiar photographs. It all waits to be discovered in Miss Peregrine's Home for Peculiar Children, an unforgettable novel that mixes fiction and photography in a thrilling reading experience. As our story opens, a horrific family tragedy sets sixteen-year-old Jacob journeying to a remote island off the coast of Wales, where he discovers the crumbling ruins of Miss Peregrine's Home for Peculiar Children. As Jacob explores its decaying bedrooms and hallways, it becomes clear that Miss Peregrine's children were more than just peculiar. They may have been dangerous. They may have been quarantined for a good reason. And somehow -- impossible though it seems -- they may still be alive." | ||
| 650 |
_2Library of Congress Subject Headings _aOrphanages _xJuvenile fiction |
||
| 650 |
_2Library of Congress Subject Headings _aIslands _xJuvenile fiction |
||
| 650 |
_2Library of Congress Subject Headings _aExceptional children _xJuvenile fiction |
||
| 942 |
_2lcc _cBK |
||
| 999 |
_c356027 _d356027 |
||